Platón, personaje de novela / (Record no. 177500)

MARC details
000 -LEADER
campo de control de longitud fija 01038nam a2200265 i 4500
001 - NÚMERO DE CONTROL
campo de control 177500
003 - IDENTIFICADOR DE NÚMERO DE CONTROL
campo de control ES-MaACL
005 - FECHA Y HORA DE LA ÚLTIMA TRANSACCIÓN
campo de control 20230906220342.0
008 - DATOS DE LONGITUD FIJA--INFORMACIÓN GENERAL
campo de control de longitud fija 110329s1964 sp |||| | spa d
080 ## - NÚMERO DE LA CLASIFICACIÓN DECIMAL UNIVERSAL
Número de la Clasificación Decimal Universal 929 Platón
100 1# - ENTRADA PRINCIPAL--NOMBRE DE PERSONA
Nombre de persona Horia, Vintila (
Fechas asociadas al nombre 1915-1992)
9 (RLIN) 64193
245 10 - MENCIÓN DEL TÍTULO
Título Platón, personaje de novela /
Mención de responsabilidad, etc. Vintila Horia.
260 ## - PUBLICACIÓN, DISTRIBUCIÓN, ETC.
Lugar de publicación, distribución, etc. Madrid :
Nombre del editor, distribuidor, etc. Ateneo :
-- Editora Nacional,
Fecha de publicación, distribución, etc. 1964.
300 ## - DESCRIPCIÓN FÍSICA
Extensión 26 p. ;
Dimensiones 20 cm.
490 1# - MENCIÓN DE SERIE
Mención de serie Colección Ateneo ;
Designación de volumen o secuencia 19
594 ## - Nota al título y mención de responsabilidad
Nota al título y mención de responsabilidad Conferencia pronunciada en el Ateneo de Madrid el 28 de enero de 1964.
598 ## - NOTA LOCAL
Nota local En verso de anteport.: Esta colección la publica Editora Nacional.
600 04 - PUNTO DE ACCESO ADICIONAL DE MATERIA--NOMBRE DE PERSONA
Nombre de persona Platón.
9 (RLIN) 92598
610 27 - PUNTO DE ACCESO ADICIONAL DE MATERIA--NOMBRE DE ENTIDAD CORPORATIVA
Nombre de entidad corporativa o nombre de jurisdicción como elemento de entrada Ateneo de Madrid-
Subdivisión de forma Conferencias-
Subdivisión cronológica 1940-1982.
9 (RLIN) 1908
710 2# - ENTRADA AGREGADA--NOMBRE DE ENTIDAD CORPORATIVA
Nombre de entidad corporativa o nombre de jurisdicción como elemento de entrada Ateneo de Madrid.
9 (RLIN) 1875
830 0# - PUNTO DE ACCESO ADICIONAL DE SERIE-TÍTULO UNIFORME
Título uniforme Colección Ateneo ;
Designación de volumen o secuencia 19
9 (RLIN) 180032
852 ## - LOCALIZACIÓN
Ubicación ES-MaACL
Número de control de estantería A-6238 (19)
Encuadernación Olim P-512-bis
Nota libre - En lomo: 12-22
852 ## - LOCALIZACIÓN
Ubicación ES-MaACL
Número de control de estantería P-211-Ter-2-8
Nota libre .- En lomo: 12-22.-
Holdings
Estatus retirado Estado de pérdida Estado de daño No para préstamo Colección Biblioteca de origen Biblioteca actual Ubicación en estantería Fecha de adquisición Fuente de adquisición Total de préstamos Signatura topográfica completa Código de barras Visto por última vez Precio de reemplazo Tipo de ítem Koha
        Fondo Ateneo de Madrid Biblioteca del Ateneo de Madrid Biblioteca del Ateneo de Madrid Sala Pecera Planta 1 29/03/2011     A-6238 (19) 1186437 23/02/2023 23/02/2023 Libro impreso
        Fondo Ateneo de Madrid Biblioteca del Ateneo de Madrid Biblioteca del Ateneo de Madrid Depósito 2 08/01/2019     P-211-Ter-2-8 1199569 23/02/2023 23/02/2023 Libro impreso